000 02424cam a22004694a 4500
001 muse33608
003 MdBmJHUP
005 20210127151044.0
006 m o d
007 cr||||||||nn|n
008 080929s2009 ohu o 00 0 eng d
010 _z 2008043022
020 _a9780814271643
020 _a0814271642
020 _z9780814210543 (cloth : alk. paper)
020 _z0814210546 (cloth : alk. paper)
035 _a(OCoLC)680276944
040 _aMdBmJHUP
_cMdBmJHUP
050 0 4 _aPQ2387.R5
_bZ747 2009
082 0 _a841/.8
_222
100 1 _aOxenhandler, Neal.
245 1 0 _aRimbaud
_bThe Cost of Genius /
_cNeal Oxenhandler.
264 1 _bOhio State University Press,
264 3 _bProject MUSE,
300 _a1 online resource (xi, 169 p.)
504 _aIncludes bibliographical references (p. 161-165) and index.
505 0 _aOverview : Rimbaud and Psychocriticism -- Defiance in "Les Poetes de sept ans" -- Poem of the Uncanny : "Le Bateau ivre" -- Figures of Desire in "Memoire" -- What Happened in Babylone? : "Le Coeur du pitre"; Survival of the Object in "Qu'est-ce pour nous, mon coeur...?" -- Synchronicity : "A Une Raison"; "Democratic" -- The Child as Thaumaturge : "Apres le deluge" -- Abreaction in Three Poems : "Honte" ; "Angoisse" ; "Aube" -- Fantasy and Reality : "Vies I, II, III" ; "H" -- Killing Me Softly : "Conte" -- "Nocturne vulgaire" and the Paranoid Position -- "Genie" : Advent of the Ego-Ideal -- Narcissistic Gain in "Solde" -- Rimbaud's Ontology : "Villes II" -- Sublimation in Une Saison en enfer -- Appendix The Death of Rimbaud : "We remember him and he travels on."
506 0 _aOpen Access
_fUnrestricted online access
_2star
588 _aDescription based on print version record.
600 1 1 _aRimbaud, Arthur,
_d1854-1891
_xCriticism and interpretation.
600 1 1 _aRimbaud, Arthur,
_d1854-1891
_xPsychology.
655 7 _aElectronic books.
_2local
710 2 _aProject Muse.
_edistributor
830 0 _aBook collections on Project MUSE.
856 4 0 _zFull text available:
_uhttps://muse.jhu.edu/book/27810/
945 _aProject MUSE - Archive Literature Supplement III
945 _aProject MUSE - Archive Complete Supplement III
999 _c24439
_d24439